Wszystkie dodatki do The Sims 4 - Statystyki

Ogólne statystyki
  • Ten quiz został rozwiązany 505 razy
  • Średni wynik to 16 z 41
Statystyki odpowiedzi
Zawartość Nazwa % Poprawnych
Dodatek Psy i koty
90%
Dodatek Witaj w pracy
83%
Dodatek Miejskie życie
74%
Dodatek Cztery pory roku
73%
Dodatek Wiejska sielanka
71%
Pakiet rozrywki Wampiry
70%
Dodatek Spotkajmy się
69%
Dodatek Zostań gwiazdą
61%
Dodatek Wyspiarskie życie
60%
Dodatek Uniwersytet
59%
Dodatek Licealne lata
58%
Pakiet rozrywki Wilkołaki
55%
Dodatek Życie eko
55%
Pakiet rozrywki Być rodzicem
45%
Pakiet rozrywki Zjedzmy na mieście
42%
Pakiet rozrywki Dzień w spa
39%
Akcesoria Wielkie pranie
39%
Akcesoria Małe dzieci
37%
Akcesoria Mój pierwszy zwierzak
37%
Pakiet rozrywki Przygoda w dżungli
33%
Pakiet rozrywki Kraina magii
29%
Akcesoria Romantyczny ogród
28%
Akcesoria Kuchnia na wypasie
27%
Akcesoria Kompaktowe wnętrza
24%
Pakiet rozrywki Ślubne historie
24%
Pakiet rozrywki StrangerVille
24%
Akcesoria Styl dawnych lat
23%
Akcesoria Zabawa na podwórku
23%
Akcesoria Perfekcyjne patio
22%
Akcesoria Pokój dzieciaków
22%
Pakiet rozrywki Wyprawa na Batuu
22%
Akcesoria Kino domowe
21%
Akcesoria Wytworne przyjęcie
21%
Akcesoria Upiorności
19%
Akcesoria Włóczkowe historie
19%
Akcesoria Fitness
18%
Akcesoria Wieczór na kręgielni
17%
Akcesoria Moschino
14%
Dodatek Śnieżka eskapada
6%
Pakiet rozrywki Uczieczka w plener
6%
Akcesoria Zjawiska panormalne
4%
Nie znaleziono quizów pasujących do podanych kryteriów
Rozkład punktacji
Procent ludzi z każdym wynikiem
Percentyl według liczby udzielonych odpowiedzi
Twoja historia wyników
Nie rozwiązałeś tego quizu